| 000 | 00408nam a22001457a 4500 | ||
|---|---|---|---|
| 020 | _qHBK. | ||
| 082 | _a658 | ||
| 100 | _aSaeed, Anum | ||
| 245 |
_aSelection Interviews: More Than a Conversation _cAnum Saeed. |
||
| 260 |
_aIslamabad: _bNBS - NUST, _c2013. |
||
| 300 |
_a70 p. : ill. ; _c30cm. |
||
| 650 |
_aMBA Thesis. _917629 |
||
| 942 |
_2ddc _cTHE |
||
| 999 |
_c527460 _d527460 |
||